GRE (Record no. 339338)

MARC details
000 -LEADER
fixed length control field 00513nam a2200181Ia 4500
008 - FIXED-LENGTH DATA ELEMENTS--GENERAL INFORMATION
fixed length control field 230718s9999 xx 000 0 und d
020 ## - INTERNATIONAL STANDARD BOOK NUMBER
International Standard Book Number 9781937707873
041 ## - LANGUAGE CODE
Language code of text/sound track or separate title eng
082 ## - DEWEY DECIMAL CLASSIFICATION NUMBER
Classification number 510
Item number COT
100 ## - MAIN ENTRY--PERSONAL NAME
Personal name Cotari J.
9 (RLIN) 197431
245 ## - TITLE STATEMENT
Title GRE
Remainder of title Quantitative Comparisons And Data Interpretation Guide 6
250 ## - EDITION STATEMENT
Edition statement 4th ed.
260 ## - PUBLICATION, DISTRIBUTION, ETC. (IMPRINT)
Date of publication, distribution, etc. 2014
Name of publisher, distributor, etc. MG Prep, Inc
300 ## - PHYSICAL DESCRIPTION
Extent 179
365 ## - TRADE PRICE
Currency code Rs.
Price amount 1318.00
700 ## - ADDED ENTRY--PERSONAL NAME
Personal name Cotari J.
9 (RLIN) 197431
906 ## - LOCAL DATA ELEMENT F, LDF (RLIN)
d O:0447722-Apr-2015B:SE/SI/187410-Apr-2015
c GENRL
b 421.76
Holdings
Withdrawn status Lost status Damaged status Not for loan Home library Current library Date acquired Vendor Budget Code Cost, normal purchase price Bill number Total Checkouts Full call number Barcode Date last seen Discount Cost, replacement price Bill Date Koha item type Original Barcode
        Cummins College of Engineering for Women Pune Cummins College of Engineering for Women Pune 21/04/2015 Suyog Enterprises GENRL 896.24 SE/SI/1874   510 CCEP-BK-50545 18/07/2023 421.76 1318.00 10/04/2015 Books 050545